000
00304nam a22001217a 4500
082
_a
613.71
100
_a
Mughal, Waheed
245
_a
A Guide on Sports & Physical Education
260
_a
Rawalpindi :
_b
Tahir Printing Press,
_c
2009.
300
_a
592 p. ;
_b
23 cm.
500
_a
Hardcover.
942
_c
BK
999
_c
34194
_d
34194